banner koha

Erradicacao de piranhas no acude publico Poco da Cruz Inaja, Pernambuco. 1: reconhecimento da bacia hidrografica [Brasil] (Registro n. 314407)

MARC details
000 -LÍDER
campo de controle de tamanho fixo 01045naa a22002897a 4500
001 - NÚMERO DE CONTROLE
campo de controle BR8106339
003 - IDENTIFICADOR DO NÚMERO DE CONTROLE
campo de controle BR-BrBNA
005 - DATA E HORÁRIO DA ÚLTIMA TRANSAÇÃO
campo de controle 20240918174951.0
007 - CAMPO FIXO DE DESCRIÇÃO FÍSICA--INFORMAÇÃO GERAL
campo de controle de tamanho fixo ta
008 - CAMPO DE DADOS FIXOS--INFORMAÇÃO GERAL
campo de controle de tamanho fixo 230509b bl.||||| |||| 00| 0 por d
040 ## - FONTE DA CATALOGAÇÃO
Instituição da catalogação original BR-BrBNA
Idioma da catalogação por
Instituição que transcreveu o registro Biblioteca Nacional de Agricultura
041 ## - CÓDIGO DE IDIOMA
Código do idioma do texto/trilha sonora ou título diferente (Pt)
072 ## - CÓDIGO DE CATEGORIA DE ASSUNTO
Código de Categoria de Assunto M10; P10
Código do objeto 8140
-- G514
090 ## - NÚMERO DE CHAMADA LOCAL
Número de chamada M10 BR8106339
100 1# - ENTRADA PRINCIPAL--NOME PESSOAL
Nome pessoal Braga, R.A.
245 1# - TÍTULO
Título Erradicacao de piranhas no acude publico Poco da Cruz Inaja, Pernambuco. 1: reconhecimento da bacia hidrografica [Brasil]
260 3# - PUBLICAÇÃO, DISTRIBUIÇÃO, ETC.
Local de publicação, distribuição, etc. Fortaleza, CE (Brasil):
Data da publicação, distribuição, etc. 1981.
500 ## - NOTA GERAL
Nota geral 2. Coletanea de trabalhos tecnicos. Pesca e piscicultura<br/>Fortaleza, CE (Brasil): 1981. p. 439-478<br/>(BR8106339-AM)M10<br/>
650 ## - ASSUNTO--TERMO TÓPICO
Cabeçalho tópico ou nome geográfico PEIXE DE AGUA DOCE
650 ## - ASSUNTO--TERMO TÓPICO
Cabeçalho tópico ou nome geográfico PIRANHA
650 ## - ASSUNTO--TERMO TÓPICO
Cabeçalho tópico ou nome geográfico ERRADICACAO
650 ## - ASSUNTO--TERMO TÓPICO
Cabeçalho tópico ou nome geográfico BACIA HIDROGRAFICA
650 ## - ASSUNTO--TERMO TÓPICO
Cabeçalho tópico ou nome geográfico PERNAMBUCO
773 0# - ENTRADA ANALÍTICA
Título 2. Coletanea de trabalhos tecnicos. Pesca e piscicultura
Número de controle do registro M10 BR8106339
Partes relacionadas Fortaleza, CE (Brasil), 1981. p. 439-478
909 ## -
-- 202404
-- Lucia
-- 55
-- Lucia Elande
942 ## - ELEMENTOS DE ENTRADA ADICIONADOS (KOHA)
Tipo de material Koha Capítulo-Livro
Fonte da classificação ou esquema de arquivamento na estante Classificação AGRIS
Exemplares
Situação do descarte Fonte da classificação ou esquema de arquivamento na estante Situação física Não pode ser emprestado Coleção Biblioteca de origem Biblioteca atual Localização na estante Total de empréstimos Número de telefone completo Data de último acesso Número do exemplar Tipo de material Koha Situação das perdas Data de aquisição Fonte de aquisição
  Classificação AGRIS       Biblioteca Nacional de Agricultura - Binagri Biblioteca Nacional de Agricultura - Binagri Agrobase - Acervo Geral   M10 BR8106321 20/05/2024 01 Capítulo-Livro   2024-04-11 Portaria Interministerial nº 164/94

BINAGRI

Telefone: (61)3218-2567/2388/3357/2097 - binagri@agro.gov.br

Ministério da Agricultura e Pecuária , Esplanada dos Ministérios, Bloco D, Anexo B, Brasília/DF, CEP: 70.043-900